| 000 | 00646nam a22001937a 4500 | ||
|---|---|---|---|
| 005 | 20230606081640.0 | ||
| 008 | 221228b |||||||| |||| 00| 0 eng d | ||
| 020 | _a978-1-285-05863-4 | ||
| 082 | _aG.S. 300.72 D687 2014 | ||
| 100 |
_aDonovan, Todd _eauthor |
||
| 245 |
_aThe elements of social scientific thinking / _cTodd Donovan, Kenneth Hoover |
||
| 250 | _a11th ed. | ||
| 260 |
_aAustralia: _bWadsworth Cengage Learning, _cc2014. |
||
| 300 |
_axii, 187p.; _bill. |
||
| 504 | _aIncludes bibliographical references and index | ||
| 541 | _e4195 c.1, 5825 c.2 | ||
| 650 | _aSocial sciences - Methodology | ||
| 700 |
_aHoover, Kenneth _eauthor |
||
| 999 |
_c463 _d463 |
||